| 000 | 00782nam a2200253 a 4500 | ||
|---|---|---|---|
| 001 | BRL_829 | ||
| 005 | 20190320210921.0 | ||
| 008 | 141013s1999----au-ao#####---#000-0#ger-# | ||
| 020 | _a3950097864 | ||
| 041 | _ager | ||
| 044 | _aau | ||
| 050 | 4 |
_aHQ1147.A97 _b.F738 1999 |
|
| 245 | 1 | 0 |
_aFrauen in Wien _cEin Fotoband von Lisl Ponger ; mit Texten von Christa Blümlinger und Sylvia Szely. |
| 260 |
_aWien _bFrauen Büro _c1999 |
||
| 300 |
_a123 p. _bil., fotografías blanco y negro _c29 cm. |
||
| 500 | _aAu937 | ||
| 650 | 1 | 4 |
_aMujeres _vBiografía _zViena (Austria) _925064 |
| 650 | 1 | 4 |
_aMujeres austriacas _xExiliados _925065 |
| 700 | 1 |
_aPonger, Lisl _eil. _925066 |
|
| 700 | 1 |
_aBlümlinger, Christa _925067 |
|
| 700 | 1 |
_aSzely, Sylvia _925068 |
|
| 902 | _aGRL | ||
| 942 |
_2lcc _cB |
||
| 999 |
_c9641 _d9641 |
||